| 000 | 01910cam a2200361 a 4500 | ||
|---|---|---|---|
| 999 |
_c10556 _d10556 |
||
| 001 | 16726274 | ||
| 003 | GZU | ||
| 005 | 20220606151916.0 | ||
| 008 | 110408s2010 enka b 001 0 eng d | ||
| 010 | _a 2011389670 | ||
| 015 |
_aGBB011921 _2bnb |
||
| 015 |
_aGBB011921 _2dnb |
||
| 016 | 7 |
_a015478880 _2Uk |
|
| 020 | _a9780745642796 (hardback) | ||
| 020 | _a0745642799 (hardback) | ||
| 020 | _a9780745642802 (pbk.) | ||
| 020 | _a0745642802 (pbk.) | ||
| 035 | _a(OCoLC)ocn437299563 | ||
| 040 |
_aUKM _cUKM _dBTCTA _dYDXCP _dJ2H _dCDX _dBWX _dMIA _dDEBBG _dOBE _dDGU _dDLC |
||
| 042 | _alccopycat | ||
| 050 | 0 | 0 |
_aJZ1305 _b.PIG 2010 |
| 100 | 1 |
_aPigman, Geoffrey Allen. _eauthor |
|
| 245 | 1 | 0 |
_aContemporary diplomacy : _brepresentation and communication in a globalized world / _cGeoffrey Allen Pigman. |
| 260 |
_aCambridge, UK ; _aMalden, MA : _bPolity, _cc2010. |
||
| 300 |
_axiii, 241 pages. : _billustrations. ; _c23 cm. |
||
| 504 | _aIncludes bibliographical references (p. 224-234) and index. | ||
| 505 | 0 | _aIntroduction : understanding global interactions through diplomacy -- Section one. Actors and venues. The changing landscape of diplomatic actors and venues -- Nation-state governments, sub-national and local governments -- Multilateral institutions, supranational polities and regional bodies -- Global and transnational firms -- Civil society organizations and eminent person diplomats -- Section two. Processes and functions. Technological change and diplomatic process -- Public diplomacy -- Managing economic diplomacy -- Managing military and security diplomacy -- Managing cultural diplomacy -- Conclusions : contemporary diplomatic practice and theory looking ahead. | |
| 650 | 0 | _aDiplomacy. | |
| 650 | 0 | _aInternational relations. | |
| 906 |
_a7 _bcbc _ccopycat _d2 _encip _f20 _gy-gencatlg |
||
| 942 |
_2lcc _cBK _h1305 _iPIG _kJZ |
||